Sports Quiz

Random Sports or Letter Quiz

MLB Players with Most Silver Slugger Awards A-Z Quiz Stats

 Plays Quiz not verified by Sporcle

Support Sporcle.
Go Orange.
Score 0/31 Timer 08:00
0 Plays Today
Letter (# of Wins) Name % Correct
B (12)Barry Bonds
97.6%
J (4)Derek Jeter
93.2%
U (4)Chase Utley
92.6%
R (8)Manny Ramirez
92.5%
G (7)Ken Griffey Jr.
92.4%
R (8)Cal Ripken Jr.
91.7%
G (7)Vladimir Guerrero
91.2%
O (4)David Ortiz
89.6%
Z (2)Carlos Zambrano
89.2%
Y (2)Robin Yount
88.5%
M (4)Edgar Martinez
88%
I (2)Ichiro
87%
L (9)Barry Larkin
86.4%
P (10)Mike Piazza
85.7%
S (7)Ryne Sandberg
84.8%
C (3)Jose Canseco
82%
Letter (# of Wins) Name % Correct
Q (1)Carlos Quentin
80.4%
D (4)Andre Dawson
80%
A (4)Roberto Alomar
76.9%
T (3)Mark Teixeira
73.5%
W (4)Matt Williams
69.9%
M (4)Dale Murphy
69.6%
C (3)Vinny Castilla
67.4%
T (3)Alan Trammell
66.4%
E (2)Dwight Evans
61.4%
H (5)Mike Hampton
57.4%
V (2)Fernando Valenzuela
57%
C (3)Cecil Cooper
54.5%
K (2)Chuck Knoblauch
47.7%
F (4)Julio Franco
44%
N (1)Matt Nokes
34.9%

You're not logged in!

Compare scores with friends on all Sporcle quizzes.
OR
Log In

From the Vault

Sporcle Category Blitz: Seconds

by teedslaststand

There's no shame in coming in second place. But there's no gold medal either.
Remove Ads.
Support Sporcle.
Get the best of Sporcle when you Go Orange. This ad-free experience offers more features, more stats, and more fun while also helping to support Sporcle. Thank you for becoming a member.

Show Comments

Extras

Top Quizzes Today


Score Distribution

Your Account Isn't Verified!

In order to create a playlist on Sporcle, you need to verify the email address you used during registration. Go to your Sporcle Settings to finish the process.

Report this User

Report this user for behavior that violates our Community Guidelines.

Details: